Advances in energy science and equipment engineering : (Record no. 591759)

000 -LEADER
fixed length control field 00444nam a22001097a 4500
020 ## - INTERNATIONAL STANDARD BOOK NUMBER
International Standard Book Number 9781138028678
082 ## - DEWEY DECIMAL CLASSIFICATION NUMBER
Classification number 333.79
Author Mark ADV
245 ## - TITLE STATEMENT
Title Advances in energy science and equipment engineering :
Remainder of title proceedings of the International Conference on Energy Equipment Science and Engineering, ICEESE 2015, May 30-31, 2015 /
Statement of responsibility, etc. Edited by Shiquan Zhou ; Aragona Patty
260 ## - PUBLICATION, DISTRIBUTION, ETC.
Place of publication, distribution, etc. Boca Raton :
Name of publisher, distributor, etc. CRC Press,
Date of publication, distribution, etc. 2015.
300 ## - PHYSICAL DESCRIPTION
Extent Volume
942 ## - ADDED ENTRY ELEMENTS (KOHA)
Source of classification or shelving scheme
Koha item type Book
Holdings
Withdrawn status Lost status Source of classification or shelving scheme Materials specified (bound volume or other part) Damaged status Not for loan Permanent Location Current Location Shelving location Date acquired Source of acquisition Total Checkouts Full call number Barcode Date last seen Price effective from Koha item type
      Volume,1     Central Library (CL) Central Library (CL) Chinese Studies 10/13/2022 Donated by China Embassy   333.79 ADV CL-D-1879 10/13/2022 10/13/2022 Book
      Volume,2     Central Library (CL) Central Library (CL) Chinese Studies 10/13/2022 Donated by China Embassy   333.79 ADV CL-D-2049 10/13/2022 10/13/2022 Book
      Volume,3     Central Library (CL) Central Library (CL) Chinese Studies 10/13/2022 Donated by China Embassy   333.79 ADV CL-D-2050 10/13/2022 10/13/2022 Book
© 2023 Central Library, National University of Sciences and Technology. All Rights Reserved.